[Event "Niedersachsen-ch B"]
[Site "Verden"]
[Date "2010.01.05"]
[Round "6.62"]
[White "Gawollek, Hans"]
[Black "Bach, Jannik"]
[Result "0-1"]
[WhiteElo "1468"]
[BlackElo "1673"]
[PlyCount "110"]
[EventDate "2010.01.??"]
[EventType "swiss"]
[EventRounds "7"]
[EventCountry "GER"]
[SourceDate "2005.10.24"]

1. d4 Nf6 2. Nc3 g6 3. e4 d6 4. Nf3 Bg7 5. h3 O-O 6. Be2 Nbd7 7. Bg5 c5 8. d5
a6 9. O-O b5 10. a3 Bb7 11. Rb1 Rc8 12. Nd2 Nb6 13. Bf3 Nfd7 14. Ne2 Na4 15. c3
Nab6 16. Bg4 Ra8 17. f4 c4 18. Rf2 Nc5 19. f5 Nd3 20. Rf1 Nd7 21. fxg6 hxg6 22.
Kh1 N7e5 23. Ng3 Bc8 24. Be2 Qc7 25. Be3 Rb8 26. Bd4 a5 27. Bxd3 Nxd3 28. Bxg7
Kxg7 29. Nf3 Qc5 30. Qd2 Bd7 31. Nd4 Ne5 32. Rbe1 b4 33. axb4 axb4 34. Nge2 Nd3
35. Rb1 bxc3 36. Qxc3 Kg8 37. Ng3 Qb4 38. Nc2 Qxc3 39. bxc3 Kg7 40. Ne2 Nf2+
41. Kg1 Nxe4 42. Rbc1 Rb2 43. Rfe1 Nc5 44. Ned4 Nd3 45. Rxe7 Nxc1 46. Rxd7 Ne2+
47. Kh2 Nxd4 48. Nxd4 Ra8 49. Nf3 Raa2 50. Nh4 Rc2 51. Rxd6 Rxc3 52. Rb6 Rd3
53. d6 c3 54. Rc6 c2 55. Nf3 Rxf3 0-1

[Event "Niedersachsen-ch B"]
[Site "Verden"]
[Date "2010.01.05"]
[Round "6.63"]
[White "Tautz, Felix"]
[Black "Vonhoff, Joerg"]
[Result "0-1"]
[WhiteElo "1269"]
[BlackElo "1711"]
[PlyCount "64"]
[EventDate "2010.01.??"]
[EventType "swiss"]
[EventRounds "7"]
[EventCountry "GER"]
[SourceDate "2005.10.24"]

1. d4 Nf6 2. Nf3 g6 3. Bg5 Bg7 4. Nbd2 O-O 5. e4 d6 6. Be2 Nbd7 7. O-O c5 8. c3
h6 9. Bh4 Re8 10. Qc2 Nh5 11. Rfd1 Qc7 12. Rab1 cxd4 13. Nb3 dxc3 14. bxc3 Qxc3
15. Qxc3 Bxc3 16. Rdc1 Bg7 17. Nbd4 a6 18. h3 Nc5 19. g4 Nf4 20. Bc4 Nxe4 21.
Kh2 Bxd4 22. Nxd4 Nd2 23. Rb2 Nxc4 24. Rxc4 Nd3 25. Rd2 Nc5 26. Nc2 Be6 27. Rb4
Bxa2 28. Nd4 Be6 29. Nxe6 fxe6 30. Kg3 a5 31. Rc4 b5 32. Rcd4 e5 0-1

[Event "Niedersachsen-ch B"]
[Site "Verden"]
[Date "2010.01.05"]
[Round "6.64"]
[White "Pfeifer, Frank"]
[Black "Raetzke von Stoyentin, Steffen"]
[Result "1-0"]
[WhiteElo "1739"]
[BlackElo "1240"]
[PlyCount "27"]
[EventDate "2010.01.??"]
[EventType "swiss"]
[EventRounds "7"]
[EventCountry "GER"]
[SourceDate "2005.10.24"]

1. e4 e5 2. f4 d6 3. Nf3 Nd7 4. Bc4 Be7 5. O-O Ngf6 6. Bxf7+ Kxf7 7. Ng5+ Kg8
8. Ne6 Qe8 9. Nxc7 Qd8 10. Nxa8 Nf8 11. d3 d5 12. fxe5 Bg4 13. exf6 Bxd1 14.
f7# 1-0

[Event "Niedersachsen-ch B"]
[Site "Verden"]
[Date "2010.01.05"]
[Round "6.65"]
[White "Boehning, Kilian"]
[Black "Sablotny, Juergen"]
[Result "1-0"]
[WhiteElo "1247"]
[BlackElo "1833"]
[PlyCount "71"]
[EventDate "2010.01.??"]
[EventType "swiss"]
[EventRounds "7"]
[EventCountry "GER"]
[SourceDate "2005.10.24"]

1. Nf3 e6 2. c4 c6 3. Nc3 d5 {
Leider sind die Züge bereits hier nicht ganz klar.} 4. e3 Nf6 5. d4 Bb4 6. Bd2
Bxc3 7. Bxc3 O-O 8. Qc2 Ne4 9. Bd3 f5 10. Bb4 Re8 11. Bxe4 fxe4 12. Ne5 Nd7 13.
Bd6 Nxe5 14. dxe5 Qg5 15. O-O Rd8 16. Qe2 Rd7 17. f4 Qf5 18. c5 h5 19. h3 g6
20. g4 hxg4 21. Qxg4 Rh7 22. Qxf5 exf5 23. Kh2 Kf7 24. b4 a5 25. Rfb1 axb4 26.
Rxb4 Ra3 27. Rb3 Ra4 28. Rc3 d4 29. exd4 Rxd4 30. Re3 Be6 31. Rb1 Bc8 32. Rb2
Ra4 33. a3 Ke6 34. Rg3 Kf7 35. Rb4 Rxb4 36. axb4 {Leider ist SF Böhning des
Mitschreibens nicht mächtig. SF Sablotny hielt es nicht für nötig, sein
Partieformular abzugeben. Trotz mehrtägiger Rekonstruktionsversuche bleiben
die letzten ca. 38 Züge der Nachwelt vorenthalten.} 1-0

[Event "Niedersachsen-ch B"]
[Site "Verden"]
[Date "2010.01.05"]
[Round "6.66"]
[White "Oelfke, Nils Lukas"]
[Black "Boehm, Jana"]
[Result "1-0"]
[WhiteElo "1240"]
[BlackElo "1445"]
[PlyCount "77"]
[EventDate "2010.01.??"]
[EventType "swiss"]
[EventRounds "7"]
[EventCountry "GER"]
[SourceDate "2005.10.24"]

1. e4 e6 2. d4 d5 3. Nc3 Bb4 4. e5 c5 5. a3 Bxc3+ 6. bxc3 Qb6 7. f4 Ne7 8. Nf3
Nbc6 9. Be2 cxd4 10. cxd4 Nf5 11. c3 Bd7 12. O-O O-O 13. g4 Nfe7 14. Kh1 Rac8
15. h4 f6 16. h5 fxe5 17. fxe5 Qd8 18. Qc2 Qe8 19. Ng5 Rxf1+ 20. Bxf1 g6 21.
Bd3 Qf8 22. Be3 Qg7 23. Rf1 Rf8 24. Rxf8+ Kxf8 25. Qf2+ Ke8 26. Qf6 Qxf6 27.
exf6 Nc8 28. Nxh7 Nd6 29. Bxg6+ Nf7 30. Bxf7+ Kxf7 31. g5 Be8 32. g6+ Kg8 33.
f7+ Bxf7 34. gxf7+ Kxf7 35. h6 Nd8 36. Ng5+ Kg8 37. Kg2 a6 38. Kg3 b5 39. Kf4
1-0

[Event "Niedersachsen-ch B"]
[Site "Verden"]
[Date "2010.01.05"]
[Round "6.67"]
[White "Finke, Maurice"]
[Black "Gottlieb, Timo"]
[Result "1-0"]
[WhiteElo "1411"]
[BlackElo "1257"]
[PlyCount "119"]
[EventDate "2010.01.??"]
[EventType "swiss"]
[EventRounds "7"]
[EventCountry "GER"]
[SourceDate "2005.10.24"]

1. d4 d5 2. c4 e6 3. Nc3 Nf6 4. cxd5 Nxd5 5. e4 Nxc3 6. bxc3 Be7 7. Nf3 b6 8.
Bb5+ Nd7 9. Ne5 O-O 10. Nc6 Qe8 11. Qa4 Nf6 12. Nxe7+ Qxe7 13. Bc6 Bd7 14. Bxd7
Qxd7 15. Qxd7 Nxd7 16. O-O Nf6 17. f3 Rfe8 18. Bf4 Rac8 19. a4 Nh5 20. Bg5 f6
21. Be3 e5 22. g3 exd4 23. cxd4 f5 24. e5 g6 25. f4 Nf6 26. Rfe1 Ne4 27. Red1
Nc3 {(=)} 28. Rd3 Nd5 29. Kf2 Kf7 30. Rb1 a6 31. Bd2 Ke6 32. h3 Rf8 33. Bb4 Rf7
34. Bd2 Rd8 35. Rc1 Rdf8 36. a5 Rb8 37. Ra3 Rff8 38. Kf3 h5 39. Rc6+ Kf7 40.
axb6 Rxb6 41. Rxb6 Nxb6 42. Rxa6 Ra8 43. Rxa8 Nxa8 44. Ba5 Ke6 45. Ke3 c6 46.
Kd3 Kd5 47. Kc3 c5 48. dxc5 Kxc5 49. e6 Kd6 50. Kc4 Kxe6 51. Kc5 Kd7 52. Kd5
Ke7 53. Kc6 Ke6 54. Kb7 Kd5 55. Kxa8 Ke4 56. h4 Kf3 57. Bd8 Kxg3 58. Bg5 Kf3
59. Kb7 Ke4 60. Kc6 1-0

[Event "Niedersachsen-ch B"]
[Site "Verden"]
[Date "2010.01.05"]
[Round "6.68"]
[White "Menze, Gerold"]
[Black "Koch, Yannick"]
[Result "0-1"]
[WhiteElo "1400"]
[BlackElo "1176"]
[PlyCount "71"]
[EventDate "2010.01.??"]
[EventType "swiss"]
[EventRounds "7"]
[EventCountry "GER"]
[SourceDate "2005.10.24"]

1. b4 c6 2. Bb2 a5 3. a3 axb4 4. axb4 Rxa1 5. Bxa1 Qb6 6. c3 d5 7. Na3 Bf5 8.
Nc2 Nd7 9. Nd4 Bg6 10. e3 e5 11. Ndf3 h6 12. Qa4 Bd6 13. Ne2 Ngf6 14. Nc1 O-O
15. Be2 Qc7 16. g3 Nb6 17. Qd1 Ra8 18. Nb3 Ra2 19. d3 Ra8 20. O-O e4 21. Nfd2
exd3 22. Bf3 Ne4 23. Bg2 Nc4 24. Bxe4 Bxe4 25. Nxc4 dxc4 26. Nd2 Bd5 27. e4 Be6
28. f4 Bh3 29. Rf2 b5 30. e5 Be7 31. Ne4 Qa7 32. Bb2 Qe3 33. Nd2 Bd8 34. Nf1
Bxf1 35. Kxf1 Bb6 36. Rf3 0-1

[Event "Niedersachsen-ch B"]
[Site "Verden"]
[Date "2010.01.05"]
[Round "6.69"]
[White "Weis, Hans Juergen"]
[Black "Mai, Robin"]
[Result "0-1"]
[WhiteElo "1371"]
[BlackElo "1152"]
[PlyCount "87"]
[EventDate "2010.01.??"]
[EventType "swiss"]
[EventRounds "7"]
[EventCountry "GER"]
[SourceDate "2005.10.24"]

1. d4 e6 2. c4 d5 3. e3 Nf6 4. Nc3 b6 5. Nf3 Bb7 6. Ne5 dxc4 7. Qa4+ Nbd7 8.
Nxd7 Qxd7 9. f3 Qxa4 10. Nxa4 Bb4+ 11. Bd2 Bxd2+ 12. Kxd2 O-O-O 13. Bxc4 a6 14.
Bb3 Rhf8 15. Rac1 Kb8 16. Rc3 Rd7 17. Rhc1 Rc8 18. a3 g5 19. Ke2 h5 20. g3 g4
21. f4 Bf3+ 22. Ke1 Bb7 23. Ba2 Ne4 24. R3c2 Rh8 25. Nc3 h4 26. Nxe4 Bxe4 27.
Rf2 hxg3 28. hxg3 Rh3 29. Bb1 Bxb1 30. Rxb1 Rxg3 31. Ke2 f5 32. Rh1 Kb7 33.
Rfh2 Kc6 34. Kf2 Rf3+ 35. Ke2 Kd5 36. Kd3 c5 37. Rc1 cxd4 38. Ke2 Rxe3+ 39. Kf2
Ke4 40. Kg1 Kxf4 41. Rf2+ Ke4 42. Rcf1 Rg3+ 43. Kh2 Rf3 44. Re1+ 0-1

[Event "Niedersachsen-ch B"]
[Site "Verden"]
[Date "2010.01.05"]
[Round "6.70"]
[White "Mildner, Ramon"]
[Black "Kaphle, Kerstin"]
[Result "0-1"]
[WhiteElo "919"]
[BlackElo "1362"]
[PlyCount "80"]
[EventDate "2010.01.??"]
[EventType "swiss"]
[EventRounds "7"]
[EventCountry "GER"]
[SourceDate "2005.10.24"]

1. e4 e5 2. Nf3 Nc6 3. Bc4 Nf6 4. Nc3 d6 5. Ng5 d5 6. exd5 Nd4 7. O-O Bd6 8. d3
O-O 9. Be3 a6 10. a3 b5 11. Ba2 Bb7 12. Re1 Bc5 13. Bxd4 Bxd4 14. Qd2 Nxd5 15.
Bxd5 Bxd5 16. Nxd5 Qxd5 17. c3 Bb6 18. Rad1 f6 19. Nf3 Rad8 20. Nh4 f5 21. Qg5
e4 22. d4 c5 23. h3 cxd4 24. cxd4 Bxd4 25. Qd2 Rd6 26. b4 Rfd8 27. g3 Qf7 28.
Qe2 Rd5 29. Ng2 Be5 30. Rxd5 Rxd5 31. Rc1 Rd8 32. Ne3 Qg6 33. Kg2 h5 34. g4 f4
35. Qa2+ Kh7 36. Nf1 f3+ 37. Kg1 hxg4 38. hxg4 Qxg4+ 39. Ng3 Qh3 40. Qf7 Qg2#
0-1

[Event "Niedersachsen-ch B"]
[Site "Verden"]
[Date "2010.01.05"]
[Round "6.71"]
[White "Guenther, Alexander"]
[Black "Brandt, Volker"]
[Result "1-0"]
[WhiteElo "1114"]
[BlackElo "1322"]
[PlyCount "95"]
[EventDate "2010.01.??"]
[EventType "swiss"]
[EventRounds "7"]
[EventCountry "GER"]
[SourceDate "2005.10.24"]

1. e4 h6 2. f4 e6 3. Nf3 b6 4. Bb5 Bb7 5. Nc3 a6 6. Bc4 c5 7. O-O b5 8. Be2 b4
9. Na4 Qa5 10. b3 Bxe4 11. d3 Bc6 12. f5 f6 13. fxe6 dxe6 14. Ne5 Ne7 15. Bh5+
g6 16. Nxg6 Nxg6 17. Bxg6+ Ke7 18. Bb2 Nd7 19. a3 Rg8 20. Be4 Bxe4 21. dxe4 Rd8
22. axb4 cxb4 23. Qf3 Bg7 24. e5 Rdf8 25. exf6+ Bxf6 26. Bxf6+ Rxf6 27. Qh3 Qe5
28. Rxf6 Nxf6 29. Rf1 Qd4+ 30. Kh1 Ng4 31. Qh4+ Kd7 32. Rf7+ Kc6 33. Qe1 Ne3
34. Rf3 Qg4 35. Rg3 Qh4 36. Qxe3 Rxg3 37. Qxg3 Qxg3 38. hxg3 Kd5 39. Kg1 Ke4
40. Nc5+ Kd4 41. Nxa6 e5 42. Nxb4 e4 43. Kf1 Ke3 44. Ke1 h5 45. c4 Kd4 46. Nd5
Kc5 47. Ke2 Kd4 48. Kd2 1-0

[Event "Niedersachsen-ch B"]
[Site "Verden"]
[Date "2010.01.05"]
[Round "6.72"]
[White "Oberbacher, Michael"]
[Black "Grigorian, Satenik"]
[Result "1-0"]
[WhiteElo "1299"]
[BlackElo "1082"]
[PlyCount "87"]
[EventDate "2010.01.??"]
[EventType "swiss"]
[EventRounds "7"]
[EventCountry "GER"]
[SourceDate "2005.10.24"]

1. d4 d5 2. e4 dxe4 3. Nc3 Nf6 4. f3 exf3 5. Nxf3 Bg4 6. h3 Bxf3 7. Qxf3 c6 8.
Be3 e6 9. Bd3 Bd6 10. O-O Nbd7 11. Ne4 Be7 12. c3 e5 13. Rad1 exd4 14. cxd4 O-O
15. Nxf6+ Bxf6 16. Qh5 g6 17. Qe2 Qe7 18. Qf2 Rfe8 19. Rde1 Qd8 20. Kh1 Re6 21.
Rd1 Qe7 22. Bf4 Re8 23. b3 a6 24. Bc7 Re3 25. Bb1 Re2 26. Qf4 Bg5 27. Qg4 h5
28. Qf3 Nf6 29. Be5 Re3 30. Qf2 Nd5 31. a3 Rxb3 32. Rd3 Rxd3 33. Bxd3 Kh7 34.
Qf3 Kh6 35. Bc4 f6 36. Bg3 Ne3 37. Re1 Qxa3 38. h4 Rf8 39. hxg5+ fxg5 40. Qxe3
Qb4 41. Bd3 Rf7 42. Qe6 Rg7 43. Qe3 Re7 44. Qxe7 1-0

[Event "Niedersachsen-ch B"]
[Site "Verden"]
[Date "2010.01.05"]
[Round "6.73"]
[White "Aden, Keno"]
[Black "Rau, Nikita"]
[Result "0-1"]
[WhiteElo "899"]
[BlackElo "1238"]
[PlyCount "94"]
[EventDate "2010.01.??"]
[EventType "swiss"]
[EventRounds "7"]
[EventCountry "GER"]
[SourceDate "2005.10.24"]

1. e4 e5 2. Nf3 d6 3. Bc4 Nc6 4. Nc3 Bd7 5. O-O Be7 6. d3 Na5 7. Bd5 Nf6 8. Be3
c6 9. Bb3 Nxb3 10. axb3 Ng4 11. h3 Nxe3 12. fxe3 O-O 13. d4 exd4 14. exd4 Qc7
15. Qd3 a5 16. Rfe1 b5 17. Ne2 c5 18. Rec1 c4 19. bxc4 bxc4 20. Qc3 Rfc8 21.
Nf4 Be6 22. d5 Qb6+ 23. Kh2 Bf6 24. Qd2 Bd7 25. c3 Qc5 26. Rc2 g6 27. Qe1 Re8
28. Re2 Be5 29. g3 a4 30. Ra3 Reb8 31. Qc1 Rb3 32. Rc2 Rxa3 33. bxa3 Rb8 34.
Rb2 Rb3 35. Rxb3 cxb3 36. Nd3 Qxc3 37. Qxc3 Bxc3 38. Kg2 b2 39. Nxb2 Bxb2 40.
Nd2 Bxa3 41. Nc4 Bc5 42. g4 Bb5 43. Nd2 a3 44. Nb3 a2 45. Na1 Bd4 46. Nb3 Bc4
47. Nxd4 a1=Q 0-1

[Event "Niedersachsen-ch B"]
[Site "Verden"]
[Date "2010.01.05"]
[Round "6.74"]
[White "Knobel, Dagmar"]
[Black "Diederichs, Hannah"]
[Result "1-0"]
[WhiteElo "1150"]
[BlackElo "975"]
[PlyCount "123"]
[EventDate "2010.01.??"]
[EventType "swiss"]
[EventRounds "7"]
[EventCountry "GER"]
[SourceDate "2005.10.24"]

1. d4 e6 2. c4 d5 3. e3 c5 4. dxc5 Bxc5 5. Nf3 Qb6 6. b3 Bb4+ 7. Bd2 Qa5 8. a3
Bxd2+ 9. Qxd2 Qd8 10. Nc3 a6 11. cxd5 Nf6 12. e4 b6 13. Rd1 Bb7 14. dxe6 Qxd2+
15. Nxd2 fxe6 16. Bc4 Bc8 17. e5 Ng4 18. Nf3 Nc6 19. Rd6 Nd8 20. Rxb6 O-O 21.
O-O Rf5 22. h3 Nxe5 23. Nxe5 Rxe5 24. Rd1 Nb7 25. Bxa6 Na5 26. Rd8+ Kf7 27.
Rxc8 Ra7 28. Nb5 Rd7 29. Nd6+ Kg6 30. Bd3+ Kh6 31. Nf5+ Kg5 32. Rd6 Rb7 33. h4+
Kh5 34. g4+ Kg6 35. Nd4+ Kh6 36. b4 g6 37. Rxe6 Rd5 38. Nf5+ Rxf5 39. Bxf5 Rb5
40. Rc5 Rxc5 41. bxc5 Nc4 42. h5 Kg7 43. hxg6 hxg6 44. Rxg6+ Kf7 45. Ra6 Ne5
46. Kg2 Nd7 47. Bxd7 Ke7 48. g5 Kxd7 49. g6 Ke7 50. g7 Kf7 51. Ra7+ Kg8 52.
Ra8+ Kxg7 53. c6 Kg6 54. c7 Kf5 55. c8=Q+ Kf4 56. Qe6 Kg5 57. Rg8+ Kf4 58. Qe3+
(58. Rg4#) 58... Kf5 59. Rf8+ Kg6 60. Qg3+ Kh7 61. Rg8 Kh6 62. Rh8# 1-0

[Event "Niedersachsen-ch B"]
[Site "Verden"]
[Date "2010.01.05"]
[Round "6.75"]
[White "Wallat, Jessica"]
[Black "Van den Berg, Adrianus"]
[Result "0-1"]
[WhiteElo "1026"]
[BlackElo "1122"]
[PlyCount "58"]
[EventDate "2010.01.??"]
[EventType "swiss"]
[EventRounds "7"]
[EventCountry "GER"]
[SourceDate "2005.10.24"]

1. c4 e5 2. Nc3 Nc6 3. g3 f5 4. e3 Nf6 5. Bg2 e4 6. f3 d5 7. cxd5 Nxd5 8. fxe4
Ndb4 9. Nf3 fxe4 10. Nxe4 Qd3 11. Nd4 Nxd4 12. Kf2 Ndc2 13. Rb1 Nxe3 14. dxe3
Qxb1 15. Qa4+ Nc6 16. Nc3 Qf5+ 17. Bf3 Bb4 18. Nb5 O-O 19. Qd1 Ne5 20. Nd4 Qh5
21. Kg2 Bh3+ 22. Kf2 Nxf3 23. Nxf3 Kh8 24. a3 Bd6 25. Bd2 Bg4 26. h4 Bxf3 27.
Qc1 Bxh1+ 28. Kg1 Qf3 29. Be1 Qg2# 0-1

[Event "Niedersachsen-ch B"]
[Site "Verden"]
[Date "2010.01.05"]
[Round "6.76"]
[White "Moeller, Hannah"]
[Black "Laubrock, Paul"]
[Result "0-1"]
[WhiteElo "912"]
[BlackElo "1089"]
[PlyCount "34"]
[EventDate "2010.01.??"]
[EventType "swiss"]
[EventRounds "7"]
[EventCountry "GER"]
[SourceDate "2005.10.24"]

1. e4 d5 2. exd5 Qxd5 3. Nc3 Qa5 4. Bc4 Nf6 5. d3 Nc6 6. Bf4 Bf5 7. Nf3 e6 8.
O-O O-O-O 9. a3 Bg4 10. b4 Qf5 11. Qd2 Bxf3 12. gxf3 Nd4 13. Qc1 Nxf3+ 14. Kh1
Qh3 15. Bg3 Nh5 16. Qb2 Nxg3+ 17. fxg3 Qxh2# 0-1

[Event "Niedersachsen-ch B"]
[Site "Verden"]
[Date "2010.01.05"]
[Round "6.79"]
[White "Asprion, Neal"]
[Black "Mayen, Paul"]
[Result "0-1"]
[WhiteElo "772"]
[BlackElo "917"]
[PlyCount "56"]
[EventDate "2010.01.??"]
[EventType "swiss"]
[EventRounds "7"]
[EventCountry "GER"]
[SourceDate "2005.10.24"]

1. e4 e5 2. Nf3 d6 3. Bc4 Be7 4. O-O Nf6 5. d3 O-O 6. Bg5 Nc6 7. Nc3 Bg4 8. Qd2
Bxf3 9. gxf3 Nd4 10. Kg2 Nh5 11. Bxe7 Qxe7 12. Nd5 Qh4 13. Ne7+ Qxe7 14. Qe3
Nxc2 15. Qe2 Nf4+ 16. Kg3 Nxe2+ 17. Kg2 Nxa1 18. Rxa1 Qg5+ 19. Kf1 Qg1+ 20.
Kxe2 Qxa1 21. h4 Qxb2+ 22. Ke1 Kh8 23. h5 f5 24. exf5 Rxf5 25. h6 gxh6 26. Kd1
Rxf3 27. Ke1 Rxf2 28. Kd1 Rf1# 0-1

[Event "Niedersachsen-ch B"]
[Site "Verden"]
[Date "2010.01.06"]
[Round "7.1"]
[White "Niehaus, Stephan"]
[Black "Guennigmann, Manuel"]
[Result "1/2-1/2"]
[WhiteElo "2108"]
[BlackElo "2164"]
[PlyCount "39"]
[EventDate "2010.01.??"]
[EventType "swiss"]
[EventRounds "7"]
[EventCountry "GER"]
[SourceDate "2005.10.24"]

1. d4 Nf6 2. Bf4 g6 3. e3 Bg7 4. Nf3 O-O 5. Be2 d6 6. h3 Nbd7 7. O-O b6 8. Nbd2
Bb7 9. a4 a6 10. c3 c5 11. Bh2 Ra7 12. Re1 Qa8 13. Bf1 Bc6 14. Qb3 Ne4 15. Nxe4
Bxe4 16. Ng5 Qd5 17. Qxd5 Bxd5 18. e4 Bb7 19. d5 Raa8 20. Rad1 1/2-1/2

[Event "Niedersachsen-ch B"]
[Site "Verden"]
[Date "2010.01.06"]
[Round "7.2"]
[White "Schuette, Marc"]
[Black "Hoellmann, Ludger"]
[Result "1-0"]
[WhiteElo "2242"]
[BlackElo "2237"]
[PlyCount "111"]
[EventDate "2010.01.??"]
[EventType "swiss"]
[EventRounds "7"]
[EventCountry "GER"]
[SourceDate "2005.10.24"]

1. e4 d6 2. d4 g6 3. Nc3 Bg7 4. Bg5 c6 5. Qd2 Nd7 6. Nge2 Qc7 7. a4 a6 8. g3 e5
9. Bg2 Ngf6 10. h3 O-O 11. O-O Re8 12. Kh2 Rb8 13. a5 Ra8 14. Be3 b5 15. axb6
Nxb6 16. b3 Bb7 17. dxe5 Rxe5 18. Bf4 Re6 19. Rad1 Nc8 20. Rfe1 Qb6 21. Nd4 Re8
22. Na4 Qc7 23. Nc5 Nh5 24. Nxb7 Qxb7 25. Bg5 Na7 26. Ne2 Re6 27. Nd4 Ree8 28.
Ne2 Re6 29. Bf3 Nf6 30. Nf4 Re5 31. Nd3 Ree8 32. Qf4 Re6 33. Qh4 Qe7 34. Bg4
Nxg4+ 35. Qxg4 Qc7 36. Nf4 Re5 37. Nd3 Re6 38. f4 h6 39. Bh4 Ree8 40. Qf3 {(=)}
Nb5 41. g4 Nc3 42. Rd2 Qa5 43. b4 Qb5 44. f5 d5 45. e5 Ne4 46. Rf2 Nxf2 47.
Bxf2 Qc4 48. Bc5 d4 49. Re2 a5 50. bxa5 Bxe5+ 51. Nxe5 Qxc5 52. fxg6 Rf8 53.
gxf7+ Kg7 54. g5 hxg5 55. Qf5 Qd6 56. Rg2 1-0

[Event "Niedersachsen-ch B"]
[Site "Verden"]
[Date "2010.01.06"]
[Round "7.3"]
[White "Wittfoth, Kai Uve"]
[Black "Eschholz, Enno"]
[Result "1/2-1/2"]
[WhiteElo "2156"]
[BlackElo "2198"]
[PlyCount "37"]
[EventDate "2010.01.??"]
[EventType "swiss"]
[EventRounds "7"]
[EventCountry "GER"]
[SourceDate "2005.10.24"]

1. Nf3 Nf6 2. c4 e6 3. Nc3 d5 4. d4 c6 5. cxd5 exd5 6. Bg5 Be7 7. e3 O-O 8. Qc2
Nbd7 9. Be2 Re8 10. O-O Nf8 11. Nd2 Ng4 12. Bxe7 Qxe7 13. Nf3 Ng6 14. Rfe1 Bd7
15. b4 Rac8 16. Rab1 Nh4 17. Nxh4 Qxh4 18. Bxg4 Qxg4 19. f3 1/2-1/2

[Event "Niedersachsen-ch B"]
[Site "Verden"]
[Date "2010.01.06"]
[Round "7.4"]
[White "Herrmann, Andreas"]
[Black "Kiesel, Harald"]
[Result "1/2-1/2"]
[WhiteElo "2171"]
[BlackElo "2165"]
[PlyCount "121"]
[EventDate "2010.01.??"]
[EventType "swiss"]
[EventRounds "7"]
[EventCountry "GER"]
[SourceDate "2005.10.24"]

1. d4 Nf6 2. Nf3 e6 3. c3 c5 4. Bf4 Nc6 5. e3 cxd4 6. exd4 b6 7. h3 Bb7 8. Nbd2
Be7 9. Bd3 O-O 10. Qe2 d6 11. Rd1 Re8 12. Bh2 Qc7 13. O-O Rac8 14. Rfe1 Nb8 15.
a3 Nbd7 16. c4 a5 17. b4 axb4 18. axb4 Qd8 19. Nb3 Ra8 20. Ra1 Bf8 21. Nfd2 h6
22. Rxa8 Qxa8 23. Ra1 Qc8 24. f4 e5 25. Qf1 exd4 26. Nxd4 d5 27. Qb1 dxc4 28.
Nxc4 Be4 29. Ne5 Bxd3 30. Nxd3 Qc4 31. Nf3 Re3 32. Nde5 Qxb4 33. Qa2 Qb3 34.
Qd2 Nxe5 35. Nxe5 Ne4 36. Qd7 Qe6 37. Qxe6 fxe6 38. Kf1 Nd2+ 39. Kg1 Bc5 40.
Kh1 Ne4 41. Bg1 Rc3 42. Bxc5 Nxc5 43. h4 h5 44. Nf3 b5 45. Ng5 Kf8 46. Rb1 Rb3
47. Nxe6+ Kf7 48. Ng5+ Ke7 49. Ra1 b4 50. Ra7+ Kd6 51. Nf7+ Kd5 52. Ra8 Rb1+
53. Kh2 b3 54. Rd8+ Kc4 55. Nd6+ Kb4 56. Rb8+ Ka3 57. Nc4+ Ka4 58. Nd2 Rc1 59.
Nxb3 Nxb3 60. Rb7 Rc4 61. Rxg7 {
Ob noch weitere Züge erfolgten, ist nicht ersichtlich.} 1/2-1/2

[Event "Niedersachsen-ch B"]
[Site "Verden"]
[Date "2010.01.06"]
[Round "7.5"]
[White "Pautz, Peter"]
[Black "Kaphle, Stephan"]
[Result "1/2-1/2"]
[WhiteElo "2026"]
[BlackElo "2175"]
[PlyCount "49"]
[EventDate "2010.01.??"]
[EventType "swiss"]
[EventRounds "7"]
[EventCountry "GER"]
[SourceDate "2005.10.24"]

1. d4 Nf6 2. Bg5 e6 3. Nf3 Be7 4. e3 c5 5. Nbd2 O-O 6. Bd3 cxd4 7. exd4 Nc6 8.
c3 d6 9. O-O e5 10. dxe5 dxe5 11. Qc2 h6 12. Bh4 Be6 13. Rfe1 Nd7 14. Bxe7 Qxe7
15. Bc4 Rad8 16. Rad1 Nb6 17. Bxe6 Qxe6 18. Nb3 Nd5 19. h3 Nf4 20. Nbd4 Qf6 21.
Nxc6 Qxc6 22. Rxd8 Rxd8 23. Qe4 Qxe4 24. Rxe4 Rd1+ 25. Re1 1/2-1/2

[Event "Niedersachsen-ch B"]
[Site "Verden"]
[Date "2010.01.06"]
[Round "7.6"]
[White "Andre, Wolfgang"]
[Black "Finke, Harald"]
[Result "1-0"]
[WhiteElo "2208"]
[BlackElo "2011"]
[PlyCount "65"]
[EventDate "2010.01.??"]
[EventType "swiss"]
[EventRounds "7"]
[EventCountry "GER"]
[SourceDate "2005.10.24"]

1. e4 c6 2. d4 d5 3. Nc3 dxe4 4. Nxe4 Bf5 5. Ng3 Bg6 6. h4 h6 7. Nf3 Nd7 8. h5
Bh7 9. Bd3 Bxd3 10. Qxd3 Qc7 11. Rh4 e6 12. Bf4 Bd6 13. Bxd6 Qxd6 14. Ne4 Qc7
15. Qa3 Ne7 16. Nd6+ Kf8 17. O-O-O Kg8 18. Ne5 Nxe5 19. dxe5 g5 20. hxg6 Nxg6
21. Qg3 Qe7 22. Rg4 Kg7 23. Nxf7 Kxf7 24. Rxg6 Rag8 25. Rf6+ Qxf6 26. Rd7+ Ke8
27. exf6 Rxg3 28. Re7+ Kd8 29. fxg3 Rg8 30. Rxb7 Rf8 31. f7 a6 32. Ra7 a5 33.
Kd2 1-0

[Event "Niedersachsen-ch B"]
[Site "Verden"]
[Date "2010.01.06"]
[Round "7.7"]
[White "Jung, Gerald"]
[Black "Holloway, Timo"]
[Result "1/2-1/2"]
[WhiteElo "2048"]
[BlackElo "2122"]
[PlyCount "94"]
[EventDate "2010.01.??"]
[EventType "swiss"]
[EventRounds "7"]
[EventCountry "GER"]
[SourceDate "2005.10.24"]

1. e4 c5 2. Nf3 e6 3. d4 cxd4 4. Nxd4 a6 5. Bd3 Nf6 6. O-O Qc7 7. Qe2 d6 8. Nc3
Be7 9. a4 O-O 10. Be3 b6 11. f4 Bb7 12. f5 e5 13. Nb3 Nbd7 14. g4 d5 15. g5
Nxe4 16. Nxe4 dxe4 17. Bc4 Rac8 18. Nd2 g6 19. fxg6 hxg6 20. Rxf7 {(=)} Rxf7
21. Rf1 Rcf8 22. Rxf7 Rxf7 23. Qf1 Nf6 24. gxf6 Bc5 25. Bxf7+ Kxf7 26. Qc4+
Kxf6 27. Nxe4+ Bxe4 28. Qxe4 Bxe3+ 29. Qxe3 {(=)} Qxc2 30. Qxb6+ Kg5 31. Qxa6
Qxb2 32. Qb5 Qd4+ 33. Kg2 Qe4+ 34. Kg3 Qe3+ 35. Kg2 Qe4+ 36. Kg3 {(=)} Qf4+ 37.
Kg2 Qd2+ 38. Kg3 Qe1+ 39. Kg2 Qe4+ 40. Kg3 Qg4+ 41. Kf2 Qf4+ 42. Kg2 Kh4 43.
Qd7 Qg5+ 44. Kf2 Qf4+ 45. Kg2 Qe4+ 46. Kf2 Qc2+ 47. Ke3 Qc3+ 1/2-1/2

[Event "Niedersachsen-ch B"]
[Site "Verden"]
[Date "2010.01.06"]
[Round "7.8"]
[White "Struessmann, Frank"]
[Black "Raum, Sebastian"]
[Result "1-0"]
[WhiteElo "2276"]
[BlackElo "1910"]
[PlyCount "69"]
[EventDate "2010.01.??"]
[EventType "swiss"]
[EventRounds "7"]
[EventCountry "GER"]
[SourceDate "2005.10.24"]

1. Nf3 Nf6 2. d4 g6 3. e3 Bg7 4. Bd3 O-O 5. Nbd2 d6 6. O-O Nc6 7. c3 e5 8. dxe5
dxe5 9. Qc2 Qe7 10. Re1 Bg4 11. e4 Nh5 12. h3 Be6 13. Bf1 f5 14. Bc4 Kh8 15.
Bxe6 Qxe6 16. Qb3 Qxb3 17. Nxb3 Nf4 18. Nc5 fxe4 19. Ng5 Nd3 20. Nxd3 exd3 21.
Rd1 e4 22. Nxe4 Rad8 23. Nc5 Rd5 24. Be3 b6 25. Ne6 Rf7 26. Nf4 Rd6 27. Rxd3
Rxd3 28. Nxd3 Rd7 29. Nf4 Ne5 30. Re1 Nc4 31. Bxb6 cxb6 32. Re8+ Bf8 33. Rxf8+
Kg7 34. Ne6+ Kh6 35. Rf4 1-0